000 00791nam a2200241Ia 4500
003 OSt
005 20221006164127.0
006 a|||||r|||| 00| 0
007 ta
008 221006b |||||||| |||| 00| 0 eng d
024 _a7,908
037 _cDissertations
040 _aFML
_cFML
_beng
041 _2eng
_aeng
100 _aSita Vijayaraghavan Au.
_9676657
110 _aDelhi University. Faculty of Music and Fine Arts. Department of Music
245 0 _aThe unique position of concert platform in propagating classical music with special reference to 20th century
260 _c1991
300 _a72
_ccm.
700 _aDelhi University. Faculty of Music and Fine Arts. Department of Music
942 _cDIS
_2CC
999 _c1116290
_d1116290